[Event "24. OSREDNJA SLOVENSKA LIGA 2023"]
[Site "gostovanja"]
[Date "2023.10.05"]
[Round "3.4"]
[White "Cizman, Gregor"]
[Black "Krupenko, Andrej"]
[Result "1/2-1/2"]
[WhiteElo "1504"]
[BlackElo "1269"]
[PlyCount "100"]
[EventDate "2023.10.08"]
[WhiteTeam "KPSRD KAREL JERAJ"]
[BlackTeam "SD MEDVODE"]

1. d4 d5 2. Nf3 Nf6 3. Bf4 Bf5 4. c3 c6 5. Nbd2 Nbd7 6. e3 e6 7. Be2 Be7 8. h3
h6 9. a3 a6 10. O-O O-O 11. Re1 Re8 12. Qb3 Qb6 13. Ne5 Qxb3 14. Nxb3 a5 15.
Nd2 Red8 16. Nxd7 Nxd7 17. Rec1 Nf6 18. Be5 Ne4 19. Nxe4 Bxe4 20. Bg3 Bg6 21.
Re1 Bd6 22. Bxd6 Rxd6 23. Bf3 Be4 24. Be2 Bg6 25. c4 Rc8 26. c5 Rdd8 27. Rec1
Ra8 28. b4 axb4 29. axb4 Rdb8 30. Ra5 Rxa5 31. bxa5 Ra8 32. Ra1 Ra7 33. Kh2 f6
34. a6 bxa6 35. Rxa6 Rxa6 36. Bxa6 Be8 37. Kg1 Kf7 38. Kf1 Ke7 39. Ke2 Kd7 40.
Kd3 Kc7 41. Kc3 Bd7 42. Kb4 Kb8 43. Ka5 Ka7 44. f3 g5 45. g3 e5 46. h4 gxh4 47.
gxh4 exd4 48. exd4 f5 49. f4 Be6 50. Be2 Bf7 1/2-1/2